| Tag |
First Indicator |
Second Indicator |
Subfields |
| LEADER |
00000cam a22000008a 4500 |
| 001 |
in00000033447 |
| 005 |
20151007060627.0 |
| 008 |
880217s1988 miua b s00110 eng |
| 010 |
|
|
|a 88004587
|
| 020 |
|
|
|a 0814320007 (alk. paper)
|
| 035 |
|
|
|a (OCoLC)17649320
|
| 035 |
|
|
|9 AAC1313AM
|
| 040 |
|
|
|a DLC
|c DLC
|d TXA
|d UtOrBLW
|
| 043 |
|
|
|a e-gx---
|
| 049 |
|
|
|a TXAM
|c [A11646002]
|
| 050 |
0 |
0 |
|a Z315.U42
|b K56 1988
|
| 082 |
0 |
|
|a 070.5/09431/55
|2 19
|
| 100 |
1 |
|
|a King, Lynda J.
|
| 245 |
1 |
0 |
|a Best-sellers by design :
|b Vicki Baum and the House of Ullstein /
|c Lynda J. King.
|
| 264 |
|
1 |
|a Detroit :
|b Wayne State University Press,
|c 1988.
|
| 300 |
|
|
|a 252 pages :
|b illustrations
|
| 336 |
|
|
|a text
|b txt
|2 rdacontent
|
| 337 |
|
|
|a unmediated
|b n
|2 rdamedia
|
| 338 |
|
|
|a volume
|b nc
|2 rdacarrier
|
| 504 |
|
|
|a Bibliography: pages 230-245.
|
| 500 |
|
|
|a Includes index.
|
| 610 |
2 |
0 |
|a Ullstein GmbH.
|
| 600 |
1 |
0 |
|a Baum, Vicki,
|d 1888-1960.
|
| 650 |
|
0 |
|a Publishers and publishing
|z Germany
|z Berlin
|x History
|y 20th century.
|
| 650 |
|
0 |
|a Best sellers
|z Germany
|x History
|y 20th century.
|
| 650 |
|
0 |
|a Books and reading
|z Germany
|x History
|y 20th century.
|
| 650 |
|
0 |
|a Popular literature
|z Germany
|x History and criticism.
|
| 650 |
|
0 |
|a Serialized fiction
|z Germany
|x History and criticism.
|
| 999 |
|
|
|a MARS
|
| 999 |
f |
f |
|s 9c95e31e-314c-3215-9dfc-b97399235e3d
|i 3de71b40-5fe4-377a-90e2-462ddc667852
|t 0
|
| 952 |
f |
f |
|p normal
|a Texas A&M University
|b College Station
|c Sterling C. Evans Library
|d Evans: Library Stacks
|t 0
|e Z315.U42 K56 1988
|h Library of Congress classification
|i unmediated -- volume
|m A14811646002
|
| 998 |
f |
f |
|a Z315.U42 K56 1988
|t 0
|l Evans: Library Stacks
|